000 01044nam a2200301Ia 4500
001 15201
003 IT-RoPAU
008 130308s9999 xx 000 0 und d
040 _aIT-RoPAU
040 _cIT-RoPAU
041 _aSPAGNOLO
100 _aClarke Arthur C.
100 _gCodice Aut. SPICS: 11027
245 _aNuevas tecnologias de comunicacion (Las)-Perspectivas para un futuro abierto
245 _bMedios de comunicacion Social al servicio del Evangelio Y del hombre (Los)
250 _a1a ed.
260 _aMADRID
260 _bEdiciones Paulinas
260 _c1986 [1° Ed.:1986 - Ed.Ling.Originale:1986]
300 _a"4 p. (prefazione: no ; testo: 4 [pagine: 60-63])"
500 _aNuove tecnologie della Comunicazione prospettive per un futuro Aperto telefono Radio Televisione Telex sistemi di Dati e Computer satelliti regolamentazione e Controllo
650 _aSAGGI TEOLOGIA COMUNICAZIONE SOCIALE
650 _eCodice materia Spics: 9211
942 _cBK
957 _71
999 _c64089
_d64089
999 _bSI
999 _g1